000 01523nam a22003737a 4500
003 CHAP
005 20220329143841.0
008 120123s2011 mx r 00010 spa d
010 _a102767
011 _a103739
035 _a114428
040 _cCHAP
090 _aTesis
100 1 _aRamos Rosete, Jorge
_994489
245 1 0 _aRentabilidad del cultivo de limón Persa (Citrus latifilia Tan.) manejado bajo el sistema de producción con enfoque orgánico, en San Pedro, Tlapacoyan, Veracruz
_h[En línea]
_c/por Jorge Ramos Rosete
260 _aChapingo, Méx. :
_bEl autor,
_c2011
500 _aPara ver el contenido del material haga clic en la liga
502 _aTesis (Ing. Agr. Esp. en Fitotecnia -- UACH. Departamento de Fitotecnia
590 _aALEPH
_b10
_c20130110
_lUCH01
_h1544
590 _aBATCH-UPD
_b10
_c20130110
_lUCH01
_h1826
590 _aBATCH-UPD
_b10
_c20130410
_lUCH01
_h1159
590 _aBATCH-UPD
_b10
_c20130913
_lUCH01
_h1837
590 _aBATCH-UPD
_b10
_c20140324
_lUCH01
_h1530
590 _aBATCH-UPD
_b10
_c20141002
_lUCH01
_h0852
590 _aCONVERSION
_b10
_c20130109
_lUCH01
_h1357
650 1 4 _aAbonos orgánicos.
_9273
650 1 4 _aCultivos
_xRendimiento.
_930318
650 1 4 _aLimón persa
_zVeracruz.
_966879
856 _3Finding aid
_uhttp://10.13.5.2/tesis/114428.pdf
_zTeclea aqui
901 _aBK
942 _cFOLL
949 _aTesis
_bBC
_cTES
_d33724002323421
_eTS2
_fc.2
_gDonaciØn
_h53283
_i114428
_st
949 _aTesis
_bBC
_cTES
_d33724002323462
_eTS1
_gDonaciØn
_h53282
_i114428
_st
999 _c102767
_d102767